The atmosphere of the sun (Record no. 9703)

MARC details
000 -LEADER
fixed length control field 00539nam a2200181Ia 4500
003 - CONTROL NUMBER IDENTIFIER
control field IN-BaIIA
008 - FIXED-LENGTH DATA ELEMENTS--GENERAL INFORMATION
fixed length control field 211028s9999 xx 000 0 eng d
020 ## - INTERNATIONAL STANDARD BOOK NUMBER
International Standard Book Number 0-85274-375-0
040 ## - CATALOGING SOURCE
Transcribing agency IIA Library
080 ## - UNIVERSAL DECIMAL CLASSIFICATION NUMBER
Universal Decimal Classification number 523.98
Item number DUR
100 ## - MAIN ENTRY--PERSONAL NAME
Personal name Durrant, C. J.
9 (RLIN) 16406
245 #4 - TITLE STATEMENT
Title The atmosphere of the sun
Statement of responsibility, etc. C. J. Durrant
260 ## - PUBLICATION, DISTRIBUTION, ETC.
Place of publication, distribution, etc. Bristol
Name of publisher, distributor, etc. IOP Publishing
Date of publication, distribution, etc. 1988
300 ## - PHYSICAL DESCRIPTION
Extent xiii,168p.
650 ## - SUBJECT ADDED ENTRY--TOPICAL TERM
Topical term or geographic name entry element Astronomy and Astrophysics Thesaurus
650 ## - SUBJECT ADDED ENTRY--TOPICAL TERM
Topical term or geographic name entry element Solar Atmosphere
9 (RLIN) 4799
942 ## - ADDED ENTRY ELEMENTS (KOHA)
Koha item type Books
Holdings
Withdrawn status Lost status Damaged status Not for loan Home library Current library Shelving location Date acquired Total Checkouts Full call number Barcode Date last seen Price effective from Koha item type
        IIA Library-Bangalore IIA Library-Bangalore General Stacks     523.98/ DUR 10613 05/11/2021   Books

Powered by Koha